Japanese costume : history and tradition

Bibliographic Details
Main Author: Kennedy, Alan
Format: Book
Published: New York : Adam Biro , 1990
Subjects:

MARC

LEADER 00000cam a2200000 7i4500
001 0000002558
002 000002784
005 20000330.0
020 |a 2876600838 
090 0 0 |a 391.009956   |b KEN 
100 1 |a Kennedy, Alan 
245 1 0 |a Japanese costume :   |b history and tradition   |c Alan Kennedy 
260 |a New York :   |b Adam Biro ,   |c 1990 
300 |a 153p. :   |b ill ;   |c 28cm. 
650 0 0 |a Costume, Japenese 
650 0 0 |a Costume   |x Japenese influences 
999 |a 00069023   |b BUKU   |c PINJAMAN   |e PERPUSTAKAAN KOMUNITI PETALING JAYA 
999 |a 036241   |b BUKU   |c RUJUKAN   |e PERPUSTAKAAN KOMUNITI PETALING JAYA